000 00312pam a2200145 a 4500
020 _c
041 _aeng
082 _bRAD
100 _aRadhakrishnan.
245 _aIndian Religious Thought
_hTextual Documents
250 _a1979.
260 _aMumbai
_bOrient Paperbacks
300 _a168pg.
930 _a12044
999 _c88947
_d88947